00999nam a22002177a 450000500170000001000270001702000260004403500240007003700130009408200200010710000330012724500990016026000420025927000720030130000260037350000400039994200340043999900170047395201450049095201460063520230921111219.0 aENG-110770 ENG-136259 a9788183875554c895.00 aEN-94302 EN-119791 bDBAD/PUB a305.48697095475 aGhanchi, Samiullah M.957235 aStatus of women among the Muslims in India :bA Case Study of Surat /cBy Samiullah M. Ghanchi aNew DelhibSerials Publicationsc2012 a4830/24, Prahlad Street, Ansari Road, Darya GanjbNew Delhie110002 aviii,298p. c23cm(Hb) aIncludes bibliographical references 2ddccENh305.48697095475mGHA c88389d88389 001040718NFICaDBADbDBADd2014-09-08eDBAD/PUBg895.00l0o305.48697095475 GHApEN-94302r2014-09-08 00:00:00t1v895.00w2014-09-08yEN 001040718NFICaDBADbDBADd2023-02-28eDBAD/PUBg895.00l0o305.48697095475 GHApen-119791r2023-02-28 00:00:00t1v895.00w2023-02-28yEN